000
00338nam a22001457a 4500
008
210507b ||||| |||| 00| 0 eng d
020
_a
9780314026736
041
_a
eng
080
_2
5th
_a
34
082
_a
34
100
_a
16
101
_a
JUR
245
_a
Juvenile Delinquency Theory,Practice and Law
_c
Siegel,L.J
942
_2
udc
_c
BK
999
_c
57120
_d
57120